Vidas de San Ildefonso y San Isidro

Gardado en:
Detalles Bibliográficos
Autor Principal: Talavera, Arcipreste de
Formato: Libro
Idioma:Undetermined
Publicado: Madrid, España Espasa-Calpe 1952
Materias:
Etiquetas: Engadir etiqueta
Sen Etiquetas, Sexa o primeiro en etiquetar este rexistro!

MARC

LEADER 00000nam a2200000Ia 4500
008 170316s9999 xx 000 0 und d
040 |a cru BVZT 
090 |a 862 T-1v 
100 |a Talavera, Arcipreste de 
245 |a Vidas de San Ildefonso y San Isidro 
260 |a Madrid, España 
260 |b Espasa-Calpe 
260 |c 1952 
300 |a 167 páginas 
650 |a LITERATURA ESPAÑOLA 
999 |c 10455  |d 10455 
942 |c 15 D  |h 862 T-1v  |2 z